00417nam a2200121Ia 4500008004100000245011500041260002400156260000900180300000700189650002300196650001200219856006400231170516s9999 xx 000 0 und d aSappan Lignum Extract Inhibits Restenosis in the Injured Artery through the Deactivation of Nuclear Factor-κB bAIMS Bioengineering c2014 a:1 xMedical Technology xMedtech uhttp://www.aimspress.com/journal/Bioengineering/2014/1.html